Historia de la piratería / (Record no. 74944)

MARC details
000 -LEADER
campo de control de longitud fija 00646nam a2200205 i 4500
001 - NÚMERO DE CONTROL
campo de control 74944
003 - IDENTIFICADOR DE NÚMERO DE CONTROL
campo de control ES-MaACL
005 - FECHA Y HORA DE LA ÚLTIMA TRANSACCIÓN
campo de control 20231204174100.0
007 - CAMPO FIJO DE DESCRIPCIÓN FÍSICA--INFORMACIÓN GENERAL
campo de control de longitud fija t|
008 - DATOS DE LONGITUD FIJA--INFORMACIÓN GENERAL
campo de control de longitud fija 040921s1935 sp ||||1| spa d
100 1# - ENTRADA PRINCIPAL--NOMBRE DE PERSONA
Nombre de persona Gosse, Philip.
9 (RLIN) 59260
245 10 - MENCIÓN DEL TÍTULO
Título Historia de la piratería /
Mención de responsabilidad, etc. por Philip Gosse ; traducido del inglés por Lino Novás Calvo.
260 ## - PUBLICACIÓN, DISTRIBUCIÓN, ETC.
Lugar de publicación, distribución, etc. Madrid :
Nombre del editor, distribuidor, etc. Espasa-Calpe,
Fecha de publicación, distribución, etc. 1935.
300 ## - DESCRIPCIÓN FÍSICA
Extensión 378 p., 8 lám- ;
Dimensiones 22 cm.
490 1# - MENCIÓN DE SERIE
Mención de serie Hechos sociales ;
Designación de volumen o secuencia 10
700 1# - ENTRADA AGREGADA--NOMBRE PERSONAL
Nombre de persona Novás Calvo, Lino,
Fechas asociadas al nombre 1905-1983
9 (RLIN) 86065
830 0# - PUNTO DE ACCESO ADICIONAL DE SERIE-TÍTULO UNIFORME
Título uniforme Hechos sociales ;
Designación de volumen o secuencia 10
9 (RLIN) 183471
852 ## - LOCALIZACIÓN
Ubicación ES-MaACL
Número de control de estantería F-16076
Sublocalización o colección R.20837
Holdings
Estatus retirado Estado de pérdida Estado de daño No para préstamo Biblioteca de origen Biblioteca actual Ubicación en estantería Fecha de adquisición Fuente de adquisición Total de préstamos Signatura topográfica completa Código de barras Visto por última vez Precio de reemplazo Tipo de ítem Koha
        Biblioteca del Ateneo de Madrid Biblioteca del Ateneo de Madrid Sala Pecera Planta 2 17/01/2008     F-16076 1078447 23/02/2023 23/02/2023 Libro impreso